| 000 | 00453ntaaa2200181 4500 | ||
|---|---|---|---|
| 003 | 01 | ||
| 005 | 20251027202024.0 | ||
| 008 | 0714s1973 ag 01 | ||
| 040 |
_aAR-BaBN _bspa _cAR-BaBN _eaacr _dRIC |
||
| 082 | _a248.8300 H72 | ||
| 100 |
_aHollis, H.N. (h) _918882 |
||
| 245 | _aTeología bíblica de la sexualidad | ||
| 250 | _a1 ed. | ||
| 260 |
_aEl Paso : _bCasa Bautista de Publicaciones, _c1972 |
||
| 300 | _a43 p | ||
| 650 | _asexo | ||
| 942 | _cBK | ||
| 999 |
_c15023 _d15023 |
||